Digitalizace a robotizace mění svět, Česku nesmí ujet vlak

Digitalizácia priemyslu sa stáva realitou, digitálne technológie nemenia iba priemysel, ale stávajú sa súčasťou všetkých ekonomických sektorov. Vysvetlenie pojmu priemysel 4.0. Pripravenosť českej ekonomiky na digitálnu revolúciu. Digitalizácia ekonomiky a priemyslu nie je hrozbou, ale veľkou prílež...

Description complète

Enregistré dans:
Détails bibliographiques
Auteur principal: Novák, Radek
Format: Chapitre de livre
Langue:tchèque
Sujets:
Tags: Ajouter un tag
Pas de tags, Soyez le premier à ajouter un tag!

MARC

LEADER 00000naa a2200000 4500
001 0239839
005 20221104110403.1
041 0 |a cze 
044 |a CZ 
245 1 0 |a Digitalizace a robotizace mění svět, Česku nesmí ujet vlak  |c Radek Novák 
520 |a Digitalizácia priemyslu sa stáva realitou, digitálne technológie nemenia iba priemysel, ale stávajú sa súčasťou všetkých ekonomických sektorov. Vysvetlenie pojmu priemysel 4.0. Pripravenosť českej ekonomiky na digitálnu revolúciu. Digitalizácia ekonomiky a priemyslu nie je hrozbou, ale veľkou príležitosťou ako zvýšiť produktivitu práce a výroby. Fimy by nemali podceniť procesné, organizačné a myšlienkové zmeny. 
610 2 0 |a technológie informačné 
610 2 0 |a technológie nové 
610 2 0 |a digitalizácia 
610 2 0 |a priemysel 4.0 
610 2 0 |a Česko 
610 2 0 |a robotizácia 
610 2 0 |a technológie komunikačné 
100 1 |a Novák, Radek